[Event "OP-2011-0-01548"]
[Site "LSS email"]
[Date "2011.05.25"]
[Round "?"]
[White "Yangibayev, Rustam"]
[Black "Bianshi, Julian"]
[Result "1-0"]
[WhiteElo "768"]
[BlackElo "846"]
[PlyCount "37"]
[EventDate "2011.05.21"]
[EventType "tourn (corr)"]
[EventRounds "4"]
[EventCountry "GER"]
[SourceTitle "Telechess CBM 151"]
[Source "ChessBase"]
[SourceDate "2012.11.13"]
[SourceVersion "1"]
[SourceVersionDate "2012.11.13"]
[SourceQuality "1"]

1. d4 d5 2. c4 c6 3. Bf4 Nf6 4. Nf3 e6 5. Nc3 Nbd7 6. c5 Be7 7. e3 0-0 8. Bd3 h6 9. h3 b6 10. b4 a5 11. a3 Bb7 12. 0-0 Re8 13. Bc2 axb4 14. axb4 bxc5 15. bxc5 Ba6 16. Re1 Bc4 17. Nd2 Ra5 18. Nxc4 dxc4 19. Qe2 1-0

[Event "OP-2011-0-01548"]
[Site "LSS email"]
[Date "2011.05.24"]
[Round "?"]
[White "Bianshi, Julian"]
[Black "Salazar Moran, Alejandro Fortunato"]
[Result "0-1"]
[WhiteElo "846"]
[BlackElo "1476"]
[PlyCount "40"]
[EventDate "2011.05.21"]
[EventType "tourn (corr)"]
[EventRounds "4"]
[EventCountry "GER"]
[SourceTitle "Telechess CBM 151"]
[Source "ChessBase"]
[SourceDate "2012.11.13"]
[SourceVersion "1"]
[SourceVersionDate "2012.11.13"]
[SourceQuality "1"]

1. d4 Nf6 2. c4 d5 3. Nc3 c6 4. Nf3 Ne4 5. cxd5 cxd5 6. Qb3 e6 7. Bf4 Nc6 8. e3 Bd6 9. Bxd6 Qxd6 10. Nxe4 dxe4 11. Nd2 0-0 12. Nxe4 Qb4+ 13. Qxb4 Nxb4 14. Kd2 e5 15. a3 Nc6 16. d5 Rd8 17. Bc4 b5 18. Ba2 Be6 19. Nc3 Ne7 20. e4 Bd7 0-1

[Event "BI-2011-P-00014"]
[Site "LSS email"]
[Date "2011.04.17"]
[Round "?"]
[White "Bianshi, Julian"]
[Black "Herzog, Klaus"]
[Result "0-1"]
[WhiteElo "936"]
[BlackElo "1791"]
[PlyCount "54"]
[EventDate "2011.04.20"]
[EventType "tourn (corr)"]
[EventRounds "10"]
[EventCountry "GER"]
[SourceTitle "Telechess CBM 149"]
[Source "ChessBase"]
[SourceDate "2012.07.17"]
[SourceVersion "1"]
[SourceVersionDate "2012.07.17"]
[SourceQuality "1"]

1. d4 Nf6 2. c4 g6 3. Nc3 Bg7 4. e4 0-0 5. Nf3 d6 6. Be2 e5 7. d5 a5 8. Bg5 h6 9. Bh4 Na6 10. Nd2 Qe8 11. 0-0 Nh7 12. a3 Bd7 13. b3 f5 14. f3 f4 15. b4 axb4 16. axb4 Nxb4 17. Qb3 Na6 18. Qxb7 Qc8 19. Qb2 Nc5 20. Bf2 Nf6 21. Rxa8 Qxa8 22. Ra1 Qb8 23. Nb5 Rc8 24. Nb3 Nxb3 25. Qxb3 c6 26. dxc6 Rxc6 27. Ra7 Bf8 0-1

[Event "BI-2011-P-00014"]
[Site "LSS email"]
[Date "2011.04.17"]
[Round "?"]
[White "Bianshi, Julian"]
[Black "Konstantinov, Maxim"]
[Result "0-1"]
[WhiteElo "936"]
[BlackElo "2196"]
[PlyCount "74"]
[EventDate "2011.04.20"]
[EventType "tourn (corr)"]
[EventRounds "10"]
[EventCountry "GER"]
[SourceTitle "Telechess CBM 149"]
[Source "ChessBase"]
[SourceDate "2012.07.17"]
[SourceVersion "1"]
[SourceVersionDate "2012.07.17"]
[SourceQuality "1"]

1. d4 Nf6 2. c4 e6 3. Nc3 d5 4. Nf3 c6 5. Bg5 h6 6. Bh4 dxc4 7. e4 g5 8. Bg3 b5 9. Be2 Bb7 10. 0-0 Nbd7 11. Ne5 Bg7 12. Nxf7 Kxf7 13. e5 Nd5 14. Ne4 Qb6 15. Nd6+ Ke7 16. Bg4 Raf8 17. Qc2 Rhg8 18. Qg6 Nc7 19. Qe4 Kd8 20. f4 gxf4 21. Bxf4 Ba8 22. Bg3 Bxe5 23. Bxe5 c5 24. Qh7 Nxe5 25. dxe5 c3 26. h3 c4+ 27. Kh2 Qc6 28. Rf3 c2 29. Raf1 Ne8 30. Qxc2 Rxg4 31. hxg4 Rxf3 32. gxf3 Nxd6 33. exd6 Qxd6+ 34. Kh3 Bd5 35. f4 b4 36. Qf2 a6 37. Qh4+ Kc7 0-1

[Event "BI-2011-P-00014"]
[Site "LSS email"]
[Date "2011.04.17"]
[Round "?"]
[White "Bianshi, Julian"]
[Black "Kulczycki, Michael"]
[Result "0-1"]
[WhiteElo "936"]
[BlackElo "1973"]
[PlyCount "28"]
[EventDate "2011.04.20"]
[EventType "tourn (corr)"]
[EventRounds "10"]
[EventCountry "GER"]
[SourceTitle "Corr 2015"]
[Source "ChessBase"]
[SourceDate "2015.07.17"]
[SourceVersion "1"]
[SourceVersionDate "2015.07.17"]
[SourceQuality "1"]

1. d4 Nf6 2. c4 e6 3. Nc3 Bb4 4. f3 d5 5. a3 Bxc3+ 6. bxc3 c5 7. cxd5 Nxd5 8. dxc5 Qa5 9. e4 Ne7 10. Be3 0-0 11. Qb3 Qc7 12. Bc4 Nd7 13. Ne2 Nxc5 14. Qc2 Bd7 0-1

[Event "BI-2011-P-00014"]
[Site "LSS email"]
[Date "2011.04.17"]
[Round "?"]
[White "Bianshi, Julian"]
[Black "Pely, Giora"]
[Result "0-1"]
[WhiteElo "936"]
[BlackElo "2209"]
[PlyCount "48"]
[EventDate "2011.04.20"]
[EventType "tourn (corr)"]
[EventRounds "10"]
[EventCountry "GER"]
[SourceTitle "Telechess CBM 149"]
[Source "ChessBase"]
[SourceDate "2012.07.17"]
[SourceVersion "1"]
[SourceVersionDate "2012.07.17"]
[SourceQuality "1"]

1. d4 d5 2. c4 c6 3. Nc3 Nf6 4. Nf3 e6 5. Bg5 h6 6. Bh4 dxc4 7. e4 g5 8. Bg3 b5 9. Be2 Bb7 10. 0-0 Nbd7 11. Ne5 Bg7 12. Nxf7 Kxf7 13. e5 Nd5 14. Ne4 Ke7 15. Nd6 Qb6 16. Bg4 Raf8 17. Qc2 Rhg8 18. Qg6 Nc7 19. Qe4 Kd8 20. f4 gxf4 21. Bxf4 Ba8 22. Bg3 Bxe5 23. Bxe5 c5 24. Rxf8+ Rxf8 0-1

[Event "BI-2011-P-00014"]
[Site "LSS email"]
[Date "2011.04.17"]
[Round "?"]
[White "Maur, Rainer"]
[Black "Bianshi, Julian"]
[Result "1-0"]
[WhiteElo "1602"]
[BlackElo "936"]
[PlyCount "39"]
[EventDate "2011.04.20"]
[EventType "tourn (corr)"]
[EventRounds "10"]
[EventCountry "GER"]
[SourceTitle "Telechess CBM 149"]
[Source "ChessBase"]
[SourceDate "2012.07.17"]
[SourceVersion "1"]
[SourceVersionDate "2012.07.17"]
[SourceQuality "1"]

1. d4 d5 2. c4 c6 3. Nf3 Nf6 4. Nc3 e6 5. Bg5 h6 6. Bxf6 Qxf6 7. e3 g6 8. Bd3 Nd7 9. e4 dxc4 10. e5 Qe7 11. Bxc4 Qb4 12. Bb3 Be7 13. 0-0 0-0 14. a3 Qb6 15. h4 Rd8 16. Rc1 Nf8 17. Ne4 a5 18. Rc3 Nh7 19. Qc1 Bf8 20. h5 1-0

[Event "OP-2011-0-01474"]
[Site "LSS email"]
[Date "2011.04.03"]
[Round "?"]
[White "Bianshi, Julian"]
[Black "Bozic, Deni"]
[Result "1-0"]
[WhiteElo "1058"]
[BlackElo "829"]
[PlyCount "55"]
[EventDate "2011.03.30"]
[EventType "tourn (corr)"]
[EventRounds "4"]
[EventCountry "GER"]
[SourceTitle "Telechess CBM 145"]
[Source "Chessbase"]
[SourceDate "2011.11.11"]
[SourceVersion "1"]
[SourceVersionDate "2011.11.11"]
[SourceQuality "1"]

1. d4 Nf6 2. c4 e6 3. Nc3 Bb4 4. f3 c5 5. d5 Bxc3+ 6. bxc3 Qa5 7. e4 Qxc3+ 8. Bd2 Qa3 9. e5 Ng8 10. Ne2 Ne7 11. Nc3 Qa6 12. Nb5 Qb6 13. d6 Na6 14. dxe7 Kxe7 15. Bc3 Nb4 16. Nd6 f6 17. exf6+ gxf6 18. Rb1 Rf8 19. Nxc8+ Raxc8 20. a3 a5 21. axb4 cxb4 22. Bd4 Qc6 23. Qd2 e5 24. Be3 Rcd8 25. Ra1 b6 26. c5 bxc5 27. Rxa5 d6 28. Ra6 1-0

[Event "LSS No Engine Cup 38 Preliminary 4"]
[Site "LSS email"]
[Date "2011.03.02"]
[Round "?"]
[White "Bianshi, Julian"]
[Black "Webb, Clayton"]
[Result "0-1"]
[WhiteElo "936"]
[BlackElo "1092"]
[PlyCount "63"]
[EventDate "2011.03.03"]
[EventType "tourn (corr)"]
[EventRounds "6"]
[EventCountry "GER"]
[SourceTitle "Telechess CBM 151"]
[Source "ChessBase"]
[SourceDate "2012.11.13"]
[SourceVersion "1"]
[SourceVersionDate "2012.11.13"]
[SourceQuality "1"]

1. d4 Nf6 2. c4 g6 3. Nc3 Bg7 4. e4 d6 5. Nf3 0-0 6. Be2 c5 7. 0-0 Nc6 8. d5 Nb4 9. a3 Na6 10. Ne1 Nc7 11. Nd3 a6 12. a4 Bd7 13. a5 e6 14. Bf4 e5 15. Bg5 h6 16. Be3 Kh7 17. f3 g5 18. b4 cxb4 19. Nxb4 Nh5 20. c5 Be8 21. g3 Qd7 22. Kg2 Rb8 23. Rc1 dxc5 24. Bxc5 Rg8 25. f4 Nxf4+ 26. gxf4 gxf4 27. Kh1 Bf6 28. d6 Ne6 29. Ncd5 Bg5 30. Nb6 Qd8 31. d7 Nxc5 32. Rxc5 0-1

[Event "SN-2011-0-00313"]
[Site "LSS email"]
[Date "2011.02.17"]
[Round "?"]
[White "Bianshi, Julian"]
[Black "Tutov, Nikolay"]
[Result "1/2-1/2"]
[WhiteElo "846"]
[BlackElo "1213"]
[PlyCount "50"]
[EventDate "2011.01.31"]
[EventType "tourn (corr)"]
[EventRounds "6"]
[EventCountry "GER"]
[SourceTitle "Telechess CBM 151"]
[Source "ChessBase"]
[SourceDate "2012.11.13"]
[SourceVersion "1"]
[SourceVersionDate "2012.11.13"]
[SourceQuality "1"]

1. d4 d5 2. c4 e6 3. Nf3 Nf6 4. Nc3 Be7 5. Bg5 0-0 6. e3 h6 7. Bh4 b6 8. cxd5 Nxd5 9. Bxe7 Qxe7 10. Rc1 Bb7 11. Nxd5 Bxd5 12. Bd3 Rd8 13. Qc2 c5 14. dxc5 Rc8 15. Qb1 Nd7 16. c6 Qb4+ 17. Ke2 Bxc6 18. Rhd1 Bxf3+ 19. gxf3 Ne5 20. b3 Qa3 21. Be4 Rxc1 22. Rxc1 Qa6+ 23. Ke1 Rd8 24. Rd1 Qa5+ 25. Kf1 Rxd1+ 1/2-1/2

[Event "SN-2011-0-00313"]
[Site "LSS email"]
[Date "2011.02.17"]
[Round "?"]
[White "Brzeszkiewicz, Edmund"]
[Black "Bianshi, Julian"]
[Result "1-0"]
[WhiteElo "1474"]
[BlackElo "846"]
[PlyCount "73"]
[EventDate "2011.01.31"]
[EventType "tourn (corr)"]
[EventRounds "6"]
[EventCountry "GER"]
[SourceTitle "Telechess CBM 151"]
[Source "ChessBase"]
[SourceDate "2012.11.13"]
[SourceVersion "1"]
[SourceVersionDate "2012.11.13"]
[SourceQuality "1"]

1. e4 c5 2. Nf3 d6 3. d4 cxd4 4. Nxd4 Nf6 5. Nc3 a6 6. Be3 e5 7. Nf3 Be7 8. Bc4 0-0 9. 0-0 Be6 10. Qd3 b5 11. Bb3 Nc6 12. Rfd1 Rc8 13. a4 Bxb3 14. cxb3 b4 15. Nd5 Nxd5 16. Qxd5 Qa5 17. Qd3 Kh8 18. Rac1 f5 19. exf5 h6 20. Rc4 Bf6 21. Qc2 Ne7 22. Rxd6 e4 23. Nd2 Qxf5 24. Rxa6 Nd5 25. Rxc8 Rxc8 26. Rc6 Rd8 27. Nc4 Be5 28. Qd2 Rd7 29. Nxe5 Qxe5 30. Rc4 Kh7 31. Rxb4 Nxb4 32. Qxd7 Qxb2 33. h3 Qa1+ 34. Kh2 Qe5+ 35. g3 Nc2 36. Qd2 Qc7 37. Qd5 1-0

[Event "LSS No Engine Cup 34 Preliminary 7"]
[Site "LSS email"]
[Date "2011.01.08"]
[Round "?"]
[White "Bianshi, Julian"]
[Black "Pons, Francisco"]
[Result "1-0"]
[WhiteElo "846"]
[BlackElo "1189"]
[PlyCount "53"]
[EventDate "2011.01.09"]
[EventType "tourn (corr)"]
[EventRounds "6"]
[EventCountry "GER"]
[SourceTitle "Telechess CBM 151"]
[Source "ChessBase"]
[SourceDate "2012.11.13"]
[SourceVersion "1"]
[SourceVersionDate "2012.11.13"]
[SourceQuality "1"]

1. d4 d5 2. c4 c6 3. Nf3 Nf6 4. Nc3 Nbd7 5. Bg5 e6 6. e3 dxc4 7. Bxc4 b5 8. Bd3 b4 9. Ne2 Bb7 10. Ne5 Be7 11. Rc1 Nxe5 12. dxe5 Nd5 13. Bxe7 Qxe7 14. 0-0 a5 15. Nd4 0-0 16. Nxc6 Bxc6 17. Rxc6 Qb7 18. Rd6 Rad8 19. Qc2 f5 20. Rxe6 b3 21. axb3 Nb4 22. Qc4 Rxd3 23. Re7+ Qd5 24. Qc7 Kh8 25. Rxg7 Qg8 26. Rxg8+ Kxg8 27. Qxa5 1-0

[Event "OP-2010-0-01317"]
[Site "LSS email"]
[Date "2010.11.17"]
[Round "?"]
[White "Bianshi, Julian"]
[Black "Alvar, Juan"]
[Result "1-0"]
[WhiteElo "923"]
[BlackElo "800"]
[PlyCount "47"]
[EventDate "2010.11.11"]
[EventType "tourn (corr)"]
[EventRounds "4"]
[EventCountry "GER"]
[SourceTitle "Telechess CBM 145"]
[Source "Chessbase"]
[SourceDate "2011.11.11"]
[SourceVersion "1"]
[SourceVersionDate "2011.11.11"]
[SourceQuality "1"]

1. d4 Nf6 2. c4 g6 3. Nc3 Bg7 4. e4 0-0 5. Nf3 d6 6. Be2 e5 7. d5 h6 8. 0-0 a5 9. Ne1 Nbd7 10. Nd3 Nh7 11. Be3 f5 12. exf5 gxf5 13. f3 Kh8 14. c5 Ndf6 15. Rc1 Rg8 16. Qb3 f4 17. Bf2 Bf8 18. Kh1 Ng5 19. a4 Bf5 20. cxd6 Bxd6 21. Qxb7 Nh5 22. Qc6 Qe7 23. Rfd1 Qg7 24. Bf1 1-0

[Event "CP-2010-P-00049"]
[Site "LSS email"]
[Date "2010.09.28"]
[Round "?"]
[White "Bianshi, Julian"]
[Black "Bartsch, Christian"]
[Result "0-1"]
[WhiteElo "1057"]
[BlackElo "1840"]
[PlyCount "132"]
[EventDate "2010.10.01"]
[EventType "tourn (corr)"]
[EventRounds "6"]
[EventCountry "GER"]
[SourceTitle "Telechess CBM 147"]
[Source "ChessBase"]
[SourceDate "2012.03.16"]
[SourceVersion "1"]
[SourceVersionDate "2012.03.16"]
[SourceQuality "1"]

1. d4 Nf6 2. c4 e6 3. Nf3 b6 4. g3 Ba6 5. b3 Bb4+ 6. Bd2 Be7 7. Bc3 d5 8. Nbd2 0-0 9. Ne5 dxc4 10. bxc4 Bb7 11. Nef3 Nbd7 12. Bg2 Rc8 13. e3 c5 14. 0-0 Ne4 15. Qc2 cxd4 16. Bxd4 Nxd2 17. Nxd2 Bxg2 18. Kxg2 Qc7 19. Rfd1 Rfd8 20. Rac1 Qc6+ 21. Qe4 Qa4 22. Qc2 Qxc2 23. Rxc2 f6 24. f4 Nb8 25. Rcc1 Na6 26. Kf3 Ba3 27. Rb1 Bb4 28. Rbc1 e5 29. Bc3 Bxc3 30. Rxc3 exf4 31. gxf4 Nc5 32. Rcc1 Nd3 33. Rb1 Rd7 34. Ke2 Re8 35. Kf3 g5 36. fxg5 fxg5 37. Ke2 Nf4+ 38. Kf3 Ng6 39. Ke2 Rf7 40. Rg1 h6 41. Rg3 Kg7 42. Rf1 Rxf1 43. Nxf1 Ne5 44. Nd2 Kg6 45. e4 Kf6 46. Ra3 Re7 47. c5 bxc5 48. Ra6+ Kg7 49. Nb3 Rc7 50. Rd6 Ng4 51. h3 Ne5 52. Rd5 Ng6 53. Rxc5 Rxc5 54. Nxc5 Nf4+ 55. Kf3 Nxh3 56. Kg4 Nf4 57. Kf5 Ng2 58. e5 Nh4+ 59. Ke4 Kg6 60. e6 Nf5 61. Nd7 g4 62. Ke5 g3 63. Kf4 g2 64. Ne5+ Kf6 65. Nf3 Kxe6 66. Ng1 a5 0-1

[Event "CP-2010-P-00049"]
[Site "LSS email"]
[Date "2010.09.28"]
[Round "?"]
[White "Bianshi, Julian"]
[Black "Wimmer, Jaroslav"]
[Result "0-1"]
[WhiteElo "1057"]
[BlackElo "2136"]
[PlyCount "78"]
[EventDate "2010.10.01"]
[EventType "tourn (corr)"]
[EventRounds "6"]
[EventCountry "GER"]
[SourceTitle "Telechess CBM 147"]
[Source "ChessBase"]
[SourceDate "2012.03.16"]
[SourceVersion "1"]
[SourceVersionDate "2012.03.16"]
[SourceQuality "1"]

1. d4 d5 2. c4 e6 3. Nc3 Nf6 4. Nf3 c6 5. Bg5 Nbd7 6. e3 Qa5 7. cxd5 exd5 8. Bd3 Ne4 9. Qc2 Nxg5 10. Nxg5 g6 11. 0-0 Bg7 12. a3 Qd8 13. Nf3 0-0 14. b4 Nb6 15. h3 Qf6 16. b5 Bxh3 17. a4 Nd7 18. a5 Bg4 19. Nh2 Be6 20. a6 Rab8 21. axb7 c5 22. Rxa7 cxd4 23. Ne2 dxe3 24. fxe3 Qd8 25. Nd4 Bh6 26. Kh1 Bxe3 27. Nc6 Qg5 28. Nxb8 Bxa7 29. Nc6 Be3 30. Qa4 Nc5 31. Qa8 Nxd3 32. Qxf8+ Kxf8 33. b8Q+ Kg7 34. Nf3 Qh5+ 35. Qh2 Nf2+ 36. Rxf2 Bxf2 37. Qxh5 gxh5 38. Nfd4 Kf6 39. b6 Bc8 0-1